Diversificación productiva, geográfica y por deudores y su efecto sobre la calidad de la cartera crediticia en Argentina (Registro nro. 15061)

Detalles MARC
000 -LEADER
fixed length control field 00506 a2200145 4500
001 - CONTROL NUMBER
control field ART_7167
005 - DATE AND TIME OF LATEST TRANSACTION
control field 20260410161700.0
008 - FIXED-LENGTH DATA ELEMENTS--GENERAL INFORMATION
fixed length control field 260409a
100 1# - MAIN ENTRY--PERSONAL NAME
Personal name Bebczuk, Ricardo
245 10 - TITLE STATEMENT
Title Diversificación productiva, geográfica y por deudores y su efecto sobre la calidad de la cartera crediticia en Argentina
700 1# - ADDED ENTRY--PERSONAL NAME
Personal name Anastasi, Alejandra
700 1# - ADDED ENTRY--PERSONAL NAME
Personal name Elosegui, Pedro
700 1# - ADDED ENTRY--PERSONAL NAME
Personal name Sangiácomo, Máximo
773 0# - HOST ITEM ENTRY
Title Ensayos Económicos
Related parts - Nº 56 (oct./dic. 2009)
Record control number REV620

No hay ítems disponibles.